| 000 | 00958nam a2200205 u 4500 | ||
|---|---|---|---|
| 001 | 000633072 | ||
| 003 | AM-YeHGA | ||
| 005 | 20250617140521.0 | ||
| 008 | 090217s1986 ||||||||||||||||||||rus|c | ||
| 040 | _aAM-YeHGA | ||
| 041 | 0 | _arus | |
| 100 | 1 |
_aАнтонова, Ирина Александровна _eавт. _4aut _eсост. _4com |
|
| 245 | 1 | 0 |
_aШедевры Государственного музея изобразительных искусств им. А.С. Пушкина _h[изоматериал] : _bАльбом / _cАвт. текста и сост. И.А. Антонова ; Пер. М. Берди. |
| 246 | 1 | 5 | _aMasterpieces from the Pushkin museum of fine arts / Moscow |
| 260 |
_aМосква : _bСоветский художник, _c1986. |
||
| 300 |
_a160 с. : _bил. |
||
| 650 | 1 | 4 |
_aРисование и прикладное искусство _xЖивопись |
| 700 | 1 |
_aБерди, М. _eпер. _4trl |
|
| 090 | _c222950 | ||
| 999 |
_c221418 _d221418 |
||